000
00219nam a22000857a 4500
008
170119b xxu||||| |||| 00| 0 eng d
100
_9
2490
_a
Seely.J.
245
_a
Oxford A-Z of Grammer Fun
260
_a
New Delhi
_b
Oxford
_c
2011
999
_c
5556
_d
5556